000
00310nam a2200145Ia 4500
008
150325s9999||||xx |||||||||||||| ||und||
084
_a
005.27
100
_a
Balagurusamy E.
245
_a
Programming with Java
250
_a
4th
260
_b
Tata McGraw-Hill
260
_c
2010
300
_a
454
942
_c
BK
999
_c
918
_d
918